| 000 | 00483nam a22001697a 4500 | ||
|---|---|---|---|
| 005 | 20230313151221.0 | ||
| 008 | 230313b ||||| |||| 00| 0 eng d | ||
| 040 | _cAL | ||
| 041 | _aEnglish | ||
| 082 |
_223 _a513/250 _bNARC |
||
| 245 | _aCalculus: Integral Calculus and differential equations Vol II | ||
| 260 |
_aMadras _bS Viswanathan _c1993 |
||
| 650 |
_aCalculus _975262 |
||
| 700 |
_aNARAYANAN (S) _975263 |
||
| 700 |
_aPILLAY (T K Manicavachagom) _975264 |
||
| 942 |
_2ddc _cDB |
||
| 999 |
_c227020 _d227020 |
||